Nghiên cứu các rào cản ảnh hưởng đến ý định khởi nghiệp kinh doanh của người dân trên địa bàn tỉnh Vĩnh Long : Luận văn Thạc sĩ Kinh tế. Chuyên ngành Quản trị kinh doanh
Đánh giá tổng quan tình hình khởi nghiệp của người dân, nghiên cứu các rào cản ảnh hưởng đến ý định khởi nghiệp kinh doanh của người dân trên địa bàn tỉnh Vĩnh Long.
Saved in:
| Main Author: | |
|---|---|
| Format: | Book |
| Language: | Undetermined |
| Published: |
Cần Thơ
Trường Đại học Cần Thơ
2017
|
| Subjects: | |
| Tags: |
Add Tag
No Tags, Be the first to tag this record!
|
| Institutions: | Trung tâm Học liệu Trường Đại học Cần Thơ |
|---|
| LEADER | 01098nam a2200193Ia 4500 | ||
|---|---|---|---|
| 001 | CTU_225016 | ||
| 008 | 210402s9999 xx 000 0 und d | ||
| 082 | |a 658.11 | ||
| 082 | |b H100 | ||
| 100 | |a Lê, Thái Thanh Hà | ||
| 245 | 0 | |a Nghiên cứu các rào cản ảnh hưởng đến ý định khởi nghiệp kinh doanh của người dân trên địa bàn tỉnh Vĩnh Long : | |
| 245 | 0 | |b Luận văn Thạc sĩ Kinh tế. Chuyên ngành Quản trị kinh doanh | |
| 245 | 0 | |c Lê Thái Thanh Hà ; Phan Anh Tú (Cán bộ hướng dẫn) | |
| 260 | |a Cần Thơ | ||
| 260 | |b Trường Đại học Cần Thơ | ||
| 260 | |c 2017 | ||
| 520 | |a Đánh giá tổng quan tình hình khởi nghiệp của người dân, nghiên cứu các rào cản ảnh hưởng đến ý định khởi nghiệp kinh doanh của người dân trên địa bàn tỉnh Vĩnh Long. | ||
| 650 | |a Doanh nghiệp kinh doanh mới,New business enterprises | ||
| 980 | |a Trung tâm Học liệu Trường Đại học Cần Thơ | ||